| 000 | 00956nam0a2200265 4500 | ||
|---|---|---|---|
| 001 | RU\NLR\BIBL_A\010474952 | ||
| 005 | 20260628151558.0 | ||
| 035 | _a(NLR Aleph) 010474952 | ||
| 090 |
_a13739492 _c13739492 |
||
| 100 | _a20141002d1965 uu y0rusy50 ca | ||
| 101 | 0 | _aaze | |
| 102 | _aAZ | ||
| 105 | _aa|||||||||||| | ||
| 200 | 1 |
_aАзәрбаjҹана сәjаһәт _fН. Кәрәмов |
|
| 210 |
_aБакы _cАзәрнәшр _d1965 |
||
| 215 |
_a182 c. _cил. _d22 |
||
| 541 | 1 |
_6z01790 _aПутешествие по Азербайджану _zrus |
|
| 607 |
_aАзербайджан _xГеография _92176128 _3RU\NLR\auth-onl\66398 |
||
| 686 | 1 | _aД8 г(2А) | |
| 700 | 1 |
_aКәрәмов _bР. К. _gНурәддин Кәрәм оғлу _4070 |
|
| 790 | 1 |
_6z01541 _aКеремов _bН. К. _gНуреддин Керем оглы _4070 |
|
| 852 |
_aNLR _bОНЛ _jАзерб./3-7770 |
||
| 942 | _cBOOK | ||
| 980 | _aNB | ||